000 00845nam a2200205Ia 4500
003 OSt
005 20210825115526.0
008 210310s1991 eu ad gr 000 0 spa d
040 _aCO-JMCR
_cCO-JMCR
041 0 _aspa
082 0 4 _a330.9861 /
_bB213c1
_223
110 2 _aBanco Interamericano de Desarrollo
_96750
245 1 0 _aColombia :
_binforme socioeconómico /
_cBanco Interamericano de Desarrollo
260 _aWashington, D.C. :
_bBanco Interamericano de Desarrollo,
_c1991
300 _a205 páginas :
_bilustraciones y gráficas a blanco y negro ;
_c28 cm.
500 _aIncluye notas a pie de página.
505 0 _aTendencias macroeconómicas -- Perspectivas económicas bajo el programa de modernización -- Problemas y perspectivas sectoriales
651 2 _aColombia
_vInformes
_xCondiciones económicas
_939683
942 _2ddc
_cBK
999 _c8410
_d8410